书目信息 |
| 题名: |
水质污染的分析方法和仪器
|
|
| 作者: | 余瑞宝 , 陆正龙 编 | |
| 分册: | ||
| 出版信息: | 上海 上海科学技术出版社 1985.06 |
|
| 页数: | 259页 | |
| 开本: | 20cm | |
| 丛书名: | ||
| 单 册: | ||
| 中图分类: | X520.2 | |
| 科图分类: | ||
| 主题词: | 水污染 , 水污染--污染防治 | |
| 电子资源: | ||
| ISBN: | ||
| 000 | 00647nam0 2200217 450 | |
| 001 | 0636865219 | |
| 005 | 20060403101425.21 | |
| 010 | @dCNY1.30 | |
| 100 | @a20060403d1985 km y0chiy0120 ea | |
| 101 | 0 | @achi |
| 102 | @aCN@b310000 | |
| 200 | 1 | @a水质污染的分析方法和仪器@Ashui zhi wu ran de fen xi fang fa he yi qi@f余瑞宝,陆正龙编@Fyu rui bao,lu zheng long bian |
| 210 | @a上海@c上海科学技术出版社@d1985.06 | |
| 215 | @a259页@d20cm | |
| 606 | 0 | @a水污染 |
| 606 | 0 | @a水污染@x污染防治 |
| 690 | @aX520.2@v3 | |
| 701 | 0 | @a余瑞宝@Ayu rui bao@4编 |
| 701 | 0 | @a陆正龙@Alu zheng long@4编 |
| 801 | 0 | @aCN@bPFT@c20060403 |
| 905 | @a10447@dX520.2@eY043 | |
| 水质污染的分析方法和仪器/余瑞宝,陆正龙编.-上海:上海科学技术出版社,1985.06 |
| 259页;20cm |
| ISBN :CNY1.30 |
| ● |
| 相关链接 |
|
|
|
正题名:水质污染的分析方法和仪器
索取号:X520.2/Y043
 
预约/预借
| 序号 | 登录号 | 条形码 | 馆藏地/架位号 | 状态 | 备注 |
| 1 | 204843 | 202048435 | 自科库501/501自科库 101排1列3层/ [索取号:X520.2/Y043] | 在馆 |